| 000 | 00804nam a2200253Ia 4500 | ||
|---|---|---|---|
| 003 | OSt | ||
| 005 | 20220918171057.0 | ||
| 006 | a|||||r|||| 00| 0 | ||
| 007 | ta | ||
| 008 | 220917b |||||||| |||| 00| 0 eng d | ||
| 020 |
_a9781138679405 (pbk) _cUKP 31.99 |
||
| 024 | _a325,831 | ||
| 037 |
_b1477, 29/01/2018, Bright Book Service _cTextual |
||
| 040 |
_aARTS _cARTS _beng |
||
| 041 |
_2eng _aeng |
||
| 082 | _aY:4(S55:55), Q8 | ||
| 100 |
_aHegarty Peter Au. _933912 |
||
| 245 | 0 |
_aRecent history of lesbian and gay psychology _b from homophobia to LGBT |
|
| 260 |
_aLondon _bRoutledge UK _c2018 |
||
| 300 |
_avii,129p. _ccm. |
||
| 650 | _aSOCIOLOGY | ||
| 942 |
_hY:4(S55:55), Q8 _cTEXL _2CC |
||
| 999 |
_c137755 _d137755 |
||